Americana and the march against gun culture (Record no. 506405)

000 -LEADER
fixed length control field 00467nam a2200181Ia 4500
008 - FIXED-LENGTH DATA ELEMENTS--GENERAL INFORMATION
fixed length control field 181130s2018 xx 000 0 und d
100 ## - MAIN ENTRY--PERSONAL NAME
Personal name Lal, Vinay
245 ## - TITLE STATEMENT
Title Americana and the march against gun culture
260 ## - PUBLICATION, DISTRIBUTION, ETC.
Date of publication, distribution, etc. 2018
300 ## - PHYSICAL DESCRIPTION
Extent p.17-21.
504 ## - BIBLIOGRAPHY, ETC. NOTE
-- 5-May
650 ## - SUBJECT ADDED ENTRY--TOPICAL TERM
Topical term or geographic name entry element Gun culture - U.S.A.
650 ## - SUBJECT ADDED ENTRY--TOPICAL TERM
Topical term or geographic name entry element Violence
650 ## - SUBJECT ADDED ENTRY--TOPICAL TERM
Topical term or geographic name entry element Violence - America
650 ## - SUBJECT ADDED ENTRY--TOPICAL TERM
Topical term or geographic name entry element Youth - U.S.A.
773 ## - HOST ITEM ENTRY
Main entry heading Economic and Political Weekly
906 ## - LOCAL DATA ELEMENT F, LDF (RLIN)
a Violence
Holdings
Withdrawn status Lost status Damaged status Not for loan Permanent Location Current Location Date acquired Serial Enumeration / chronology Barcode Date last seen Price effective from Koha item type
        Indian Institute of Public Administration Indian Institute of Public Administration 2018-12-07 53(18), 5-May, 2018: p.17-21. AR118200 2018-12-07 2018-12-07 Articles

Powered by Koha